| 000 | 00723nam a2200241 i 4500 | ||
|---|---|---|---|
| 001 | bg | ||
| 003 | BPK | ||
| 005 | 20191002100941.0 | ||
| 008 | s1995 pl f f |000 0 pol | ||
| 020 | _a8386543116 | ||
| 040 | _cBPK | ||
| 080 | _a657 | ||
| 080 | _a(07) | ||
| 100 | 1 | _aKuchta, Dorota. | |
| 245 | 1 | 0 |
_aRachunkowość dla każdego / _cDorota Kuchta. |
| 260 |
_aWarszawa : _bFundacja Rozwoju Rachunkowości w Polsce, _c1995. |
||
| 300 |
_a160, [70] s. : _brys. ; _c24 cm. |
||
| 650 | 4 | _aRachunkowość | |
| 655 | 4 | _aPodręcznik | |
| 650 | 4 | _aSprawozdawczość | |
| 942 |
_cKS _2UKD |
||
| 856 |
_uhttp://koha.tu.koszalin.pl/cgi-bin/koha/opac-detail.pl?biblionumber=24808 _yKatalog online BPK |
||
| 999 |
_c24808 _d24808 |
||